Serial Killer Files - Ted Bundy - Statistics

General Stats
  • This quiz has been taken 908 times
  • The average score is 9 of 15
Answer Stats
Hint Answer % Correct
How many times did Bundy escape prison? Twice
93%
What was Bundy's first name? Theodore
90%
In how many U.S states did Bundy kill? 7
86%
How many of Bundy's victims were men? None
85%
How many days were Bundy on the FBI Ten Most Wanted Fugitives list? 4
77%
What method was used to execute Bundy? Electric chair
75%
What year did Bundy die? 1989
73%
What was Bundy's crime penalty? Death penalty
68%
What year was Bundy born? 1946
66%
Ted Bundy's modified car got alot of fame. What car was it? Volkswagen Beetle
50%
How many people did Bundy admit to have killed? 36
48%
In what U.S state was Bundy born? Vermont
32%
In what prison was Bundy executed? Florida State Prison
21%
Who called once Bundy "the most cold-hearted son of a bitch you'll ever meet"? Himself
19%
What religious beliefs did Bundy have? Methodism
10%
No matching quizzes found
Score Distribution
Percent of People with Each Score
Percentile by Number Answered
Your Score History
You have not taken this quiz